Family Policy in Comparison of the Slovak and the Czech Republic
Rodina ako kľúčová stavebná jednotka každej spoločnosti. Funkcie, ktoré rodina plní, čo z nej robí jedinečný prvok spoločnosti. Rrizikové typy rodín, ktoré si vyžadujú špecifický prístup a zvýšenú podporu zo strany štátu. Problémy, s ktorými sa súčasné rodiny často stretávajú a ktorým musia odolávať...
Salvato in:
| Autore principale: | |
|---|---|
| Altri autori: | |
| Natura: | Capitolo di libro |
| Lingua: | inglese |
| Soggetti: | |
| Tags: |
Nessun Tag, puoi essere il primo ad aggiungerne!!
|
MARC
| LEADER | 00000naa$a2200000$$$4500 | ||
|---|---|---|---|
| 001 | 0248399 | ||
| 005 | 20181022142946.0 | ||
| 041 | 0 | |a eng | |
| 044 | |a CZ | ||
| 245 | 1 | 0 | |a Family Policy in Comparison of the Slovak and the Czech Republic |c Martin Vavruš, Andrej Hrnčárik |
| 520 | |a Rodina ako kľúčová stavebná jednotka každej spoločnosti. Funkcie, ktoré rodina plní, čo z nej robí jedinečný prvok spoločnosti. Rrizikové typy rodín, ktoré si vyžadujú špecifický prístup a zvýšenú podporu zo strany štátu. Problémy, s ktorými sa súčasné rodiny často stretávajú a ktorým musia odolávať, aby boli úspešné pri snahe o zachovanie svojho harmonického fungovania. Rodinná politika Slovenskej republiky a Českej republiky. Dokument Koncepcia štátnej rodinnej politiky, ktorý predstavuje východiská pre nastavenie rodinnej politiky na Slovensku a stanovuje jej ciele. Rozsah finančnej podpory týchto štátov smerom k rodinám. | ||
| 610 | 2 | 0 | |a rodina |
| 610 | 2 | 0 | |a politika rodinná |
| 610 | 2 | 0 | |a politika sociálna |
| 610 | 2 | 0 | |a spoločnosť |
| 610 | 2 | 0 | |a štát |
| 610 | 2 | 0 | |a pomoc štátna |
| 610 | 2 | 0 | |a podpora štátna |
| 610 | 2 | 0 | |a financie |
| 610 | 2 | 0 | |a Česko |
| 610 | 2 | 0 | |a Slovensko |
| 100 | 1 | |a Vavruš, Martin | |
| 700 | 1 | |a Hrnčárik, Andrej | |